[Event "Fredericia"]
[Site "Fredericia"]
[Date "2024.05.09"]
[Round "2"]
[White "Licznerski, Lukasz"]
[Black "Thorsen, Adrian Stenstrop"]
[Result "1-0"]
[WhiteElo "2419"]
[BlackElo "2189"]
[PlyCount "55"]
[EventDate "2024.05.08"]
[EventType "tourn"]
[EventRounds "9"]
[EventCountry "DEN"]
[EventCategory "3"]
[SourceTitle "CBM 220 Extra"]
[Source "ChessBase"]
[SourceDate "2024.07.31"]
[SourceVersion "1"]
[SourceVersionDate "2024.07.31"]
[SourceQuality "1"]

1. e4 e5 2. Nc3 Nf6 3. Nf3 Nc6 4. g3 d5 5. exd5 Nxd5 6. Bg2 Nxc3 7. bxc3 e4 8. Qe2 Qe7 9. Nd4 Nxd4 10. cxd4 f5 11. 0-0 Bd7 12. d3 Bc6 13. c4 exd3 14. Bxc6+ bxc6 15. Qxd3 Qe4 16. Qxe4+ fxe4 17. Re1 0-0-0 18. Rxe4 h6 19. Be3 Bb4 20. Rb1 a5 21. Re6 Kd7 22. Rg6 Rhg8 23. c5 Rb8 24. Bf4 Rbe8 25. Rb3 Re1+ 26. Kg2 Re2 27. a3 Be1 28. Kf1 1-0

[Event "Fredericia"]
[Site "Fredericia"]
[Date "2024.05.09"]
[Round "3"]
[White "Thorsen, Adrian Stenstrop"]
[Black "Kopylov, Daniel"]
[Result "0-1"]
[WhiteElo "2189"]
[BlackElo "2368"]
[PlyCount "100"]
[EventDate "2024.05.08"]
[EventType "tourn"]
[EventRounds "9"]
[EventCountry "DEN"]
[EventCategory "3"]
[SourceTitle "CBM 220 Extra"]
[Source "ChessBase"]
[SourceDate "2024.07.31"]
[SourceVersion "1"]
[SourceVersionDate "2024.07.31"]
[SourceQuality "1"]

1. c4 c5 2. g3 g6 3. Bg2 Bg7 4. Nc3 Nc6 5. Nf3 e5 6. a3 Nge7 7. 0-0 0-0 8. Rb1 d6 9. b4 Rb8 10. d3 h6 11. Ne1 b6 12. Qa4 Bb7 13. Nc2 Qd7 14. Nd5 Rfd8 15. Nce3 Nd4 16. Qd1 Kh7 17. Nxe7 Bxg2 18. Kxg2 Qxe7 19. Nd5 Qd7 20. e3 Ne6 21. h4 h5 22. Bb2 Rf8 23. f4 f5 24. Qf3 Rbe8 25. Ba1 Qa4 26. b5 Qc2+ 27. Kh3 Qxd3 28. fxe5 dxe5 29. Rbc1 f4 30. exf4 Qf5+ 31. Kh2 e4 32. Qg2 Nd4 33. Bxd4 cxd4 34. Rfe1 e3 35. Qf3 Qd3 36. c5 bxc5 37. Rxc5 Qd2+ 38. Re2 Qd1 39. Rc7 Qb1 40. Rxa7 d3 41. Rxe3 Qc2+ 42. Kh3 d2 43. Rd3 Re1 44. Nc3 Rh1+ 45. Qxh1 Qxd3 46. Nd1 Re8 47. Nf2 Qf5+ 48. Kh2 Qc5 49. Ne4 Qxa7 50. Ng5+ Kh6 0-1

[Event "DEN-ch sf1"]
[Site "Svendborg"]
[Date "2024.03.29"]
[Round "3"]
[White "Thorsen, Adrian Stenstrop"]
[Black "Iskos, Lukas"]
[Result "1-0"]
[WhiteElo "2163"]
[BlackElo "2059"]
[PlyCount "53"]
[EventDate "2024.03.29"]
[EventType "swiss"]
[EventRounds "7"]
[EventCountry "DEN"]
[SourceTitle "CBM 219 Extra"]
[Source "ChessBase"]
[SourceDate "2024.05.31"]
[SourceVersion "1"]
[SourceVersionDate "2024.05.31"]
[SourceQuality "1"]

1. e4 c5 2. Nf3 Nc6 3. Bb5 g6 4. 0-0 Bg7 5. c3 e5 6. d4 cxd4 7. cxd4 Nxd4 8. Nxd4 exd4 9. Bf4 Ne7 10. Bd6 Qb6 11. Bxe7 Kxe7 12. Na3 d6 13. Bd3 Re8 14. Nc4 Qc5 15. Rc1 Bd7 16. Ne3 Qa5 17. b4 Qxa2 18. Nd5+ Kf8 19. Bc4 Qa3 20. Ra1 Qb2 21. Ra2 Qxa2 22. Bxa2 Rxe4 23. Qf3 f5 24. Nc7 Rc8 25. Qb3 Ke7 26. Qf7+ Kd8 27. Ne6+ 1-0

[Event "DEN-ch sf1"]
[Site "Svendborg"]
[Date "2024.03.29"]
[Round "7"]
[White "Thorsen, Adrian Stenstrop"]
[Black "Nielsen Refs, Karl Emil Elmer"]
[Result "1-0"]
[WhiteElo "2163"]
[BlackElo "2067"]
[PlyCount "61"]
[EventDate "2024.03.29"]
[EventType "swiss"]
[EventRounds "7"]
[EventCountry "DEN"]
[SourceTitle "CBM 219 Extra"]
[Source "ChessBase"]
[SourceDate "2024.05.31"]
[SourceVersion "1"]
[SourceVersionDate "2024.05.31"]
[SourceQuality "1"]

1. e4 e6 2. d4 d5 3. Nc3 Nf6 4. Bg5 Be7 5. e5 Nfd7 6. h4 a6 7. Qg4 Kf8 8. Nf3 c5 9. dxc5 Nc6 10. Qf4 Qc7 11. Bxe7+ Kxe7 12. 0-0-0 Ncxe5 13. Kb1 Kf8 14. h5 h6 15. Bc4 f6 16. Bxd5 exd5 17. Nxd5 Qxc5 18. Nxe5 Nxe5 19. Nxf6 Nf7 20. Nd7+ Bxd7 21. Rxd7 Qe7 22. Rxe7 Kxe7 23. Re1+ Kf8 24. Qc7 Rd8 25. Kc1 Kg8 26. Re7 Rf8 27. f4 Rh7 28. Qc4 b5 29. Qe6 Rh8 30. g4 Rh7 31. Kd2 1-0

[Event "Copenhagen Killer Chess op"]
[Site "Copenhagen"]
[Date "2023.10.16"]
[Round "3"]
[White "Halmeenmaki, Tuomo"]
[Black "Thorsen, Adrian Stenstrop"]
[Result "1-0"]
[WhiteElo "2067"]
[BlackElo "2165"]
[PlyCount "89"]
[EventDate "2023.10.14"]
[EventType "swiss"]
[EventRounds "9"]
[EventCountry "DEN"]
[SourceTitle "CBM 216 Extra"]
[Source "ChessBase"]
[SourceDate "2023.11.30"]
[SourceVersion "1"]
[SourceVersionDate "2023.11.30"]
[SourceQuality "1"]

1. d4 d5 2. c4 c6 3. Nf3 Nf6 4. Nc3 e6 5. e3 Nbd7 6. Qc2 Bd6 7. b3 0-0 8. Be2 e5 9. cxd5 cxd5 10. Nb5 Bb4+ 11. Bd2 Bxd2+ 12. Nxd2 e4 13. Rc1 Ne8 14. Nc7 Nxc7 15. Qxc7 Qg5 16. Qg3 Qxg3 17. hxg3 Nf6 18. Nb1 Bd7 19. Nc3 Rab8 20. Bb5 Bxb5 21. Nxb5 a6 22. Nc7 Rfd8 23. Kd2 Rd6 24. Rc5 g5 25. Rhc1 Kg7 26. a4 h5 27. b4 Rh8 28. Rh1 Kg6 29. a5 Rb8 30. Rhc1 h4 31. gxh4 gxh4 32. b5 axb5 33. Rxb5 Rc8 34. Rxb7 Ne8 35. Rb6 Rxb6 36. axb6 Nxc7 37. Rxc7 Rb8 38. b7 f5 39. Kc3 Kg5 40. Kb4 f4 41. exf4+ Kxf4 42. Kc5 e3 43. fxe3+ Kg3 44. Rg7+ Kf2 45. Kc6 1-0

[Event "Fredericia Kandidats"]
[Site "Fredericia"]
[Date "2023.05.20"]
[Round "2"]
[White "Guindy, Esmat Susanne"]
[Black "Thorsen, Adrian Stenstrop"]
[Result "0-1"]
[WhiteElo "2053"]
[BlackElo "2062"]
[PlyCount "100"]
[EventDate "2023.05.19"]
[EventType "swiss"]
[EventRounds "5"]
[EventCountry "DEN"]
[SourceTitle "EXT 2024"]
[Source "ChessBase"]
[SourceDate "2023.10.10"]
[SourceVersion "1"]
[SourceVersionDate "2023.10.10"]
[SourceQuality "1"]

1. c4 g6 2. g3 Bg7 3. Bg2 d6 4. d4 Nc6 5. Nf3 Bd7 6. Nc3 Qc8 7. h3 Nf6 8. e4 0-0 9. Be3 e5 10. d5 Ne7 11. Qd2 a6 12. c5 Ne8 13. b4 f5 14. Rc1 a5 15. b5 dxc5 16. Bxc5 Qd8 17. d6 cxd6 18. Bxd6 Nxd6 19. Qxd6 Rf6 20. Qd3 Be8 21. Qxd8 Rxd8 22. 0-0 Rfd6 23. a4 Bf7 24. Ng5 Bc4 25. Rfe1 b6 26. f4 Rd3 27. exf5 exf4 28. Nce4 Bd4+ 29. Kh1 Bd5 30. f6 Nf5 31. Rc7 Nxg3+ 32. Nxg3 Bxg2+ 33. Kh2 Bxf6 34. Nxh7 fxg3+ 35. Kxg2 Bh4 36. Rc4 Rd2+ 37. Kf3 R8d3+ 38. Re3 Rf2+ 39. Ke4 Rxe3+ 40. Kxe3 g2 41. Rg4 Rf1 42. Rxg6+ Kxh7 43. Rxg2 Ra1 44. Rg4 Ra3+ 45. Ke2 Rxh3 46. Rd4 Rh2+ 47. Kf3 Bf2 48. Rd2 Bg1 49. Rd7+ Kg6 50. Kg3 Ra2 0-1

[Event "Fredericia Kandidats"]
[Site "Fredericia"]
[Date "2023.05.20"]
[Round "3"]
[White "Thorsen, Adrian Stenstrop"]
[Black "Zander, Emil"]
[Result "1-0"]
[WhiteElo "2062"]
[BlackElo "2165"]
[PlyCount "109"]
[EventDate "2023.05.19"]
[EventType "swiss"]
[EventRounds "5"]
[EventCountry "DEN"]
[SourceTitle "EXT 2024"]
[Source "ChessBase"]
[SourceDate "2023.10.10"]
[SourceVersion "1"]
[SourceVersionDate "2023.10.10"]
[SourceQuality "1"]

1. b3 e5 2. Bb2 Nc6 3. e3 Nf6 4. Bb5 e4 5. d3 d5 6. dxe4 Nxe4 7. Ne2 Bb4+ 8. c3 Be7 9. 0-0 a6 10. Bd3 Nc5 11. Nf4 Ne6 12. Nxe6 Bxe6 13. Qe2 0-0 14. Nd2 Ne5 15. Bxh7+ Kxh7 16. Qh5+ Kg8 17. Qxe5 Bd6 18. Qh5 Qf6 19. Nf3 a5 20. Rad1 Rfd8 21. Ba1 g6 22. Qh6 Bf8 23. Qg5 Qxg5 24. Nxg5 Bf5 25. c4 dxc4 26. e4 Be7 27. exf5 Bxg5 28. fxg6 cxb3 29. gxf7+ Kxf7 30. axb3 b5 31. Be5 c5 32. f4 Bf6 33. Rc1 Rdc8 34. Rf3 a4 35. bxa4 Rxa4 36. Bxf6 Kxf6 37. Rb3 b4 38. Rc4 Ke6 39. Rd3 Ra3 40. Rxa3 bxa3 41. Ra4 c4 42. Rxa3 c3 43. Ra1 c2 44. Rc1 Kd5 45. Kf2 Kd4 46. Kf3 Kd3 47. f5 Kd2 48. Rxc2+ Kxc2 49. Ke4 Rg8 50. g3 Kc3 51. f6 Rh8 52. g4 Rxh2 53. g5 Kc4 54. g6 Re2+ 55. Kf3 1-0

[Event "Fredericia Kandidats"]
[Site "Fredericia"]
[Date "2023.05.19"]
[Round "1"]
[White "Thorsen, Adrian Stenstrop"]
[Black "Hollesen, Kurt"]
[Result "1/2-1/2"]
[WhiteElo "2062"]
[BlackElo "1937"]
[PlyCount "109"]
[EventDate "2023.05.19"]
[EventType "swiss"]
[EventRounds "5"]
[EventCountry "DEN"]
[SourceTitle "EXT 2024"]
[Source "ChessBase"]
[SourceDate "2023.10.10"]
[SourceVersion "1"]
[SourceVersionDate "2023.10.10"]
[SourceQuality "1"]

1. d4 d5 2. c4 e6 3. Nc3 f5 4. Nf3 Nf6 5. Bf4 c6 6. e3 Bd6 7. Bd3 0-0 8. 0-0 Ne4 9. Qb3 Kh8 10. Bxd6 Qxd6 11. Rac1 Nd7 12. Ne2 Rg8 13. h4 g6 14. Bxe4 fxe4 15. Ng5 Qe7 16. f3 h6 17. Nh3 Nf6 18. Ng3 e5 19. dxe5 Qxe5 20. Qc3 Qxc3 21. Rxc3 Bxh3 22. gxh3 exf3 23. Rxf3 Kg7 24. h5 Rad8 25. hxg6 Kxg6 26. cxd5 Rxd5 27. e4 Rd1+ 28. Rf1 Rxf1+ 29. Kxf1 Re8 30. Rb3 b6 31. Rc3 c5 32. Ra3 Nxe4 33. Nxe4 Rxe4 34. Rxa7 Rc4 35. b3 Rc2 36. Ra6 Kg5 37. Rxb6 Rxa2 38. Rb5 Kh4 39. Rxc5 Kxh3 40. Rh5+ Kg3 41. Rxh6 Rb2 42. Rb6 Kf3 43. Ke1 Ke3 44. Kd1 Kd3 45. Kc1 Rh2 46. Rc6 Kd4 47. Kb1 Kd3 48. Rc4 Rg2 49. Ka1 Rh2 50. Rc1 Rg2 51. Rc6 Rh2 52. b4 Kd4 53. b5 Kd5 54. Rc1 Rh4 55. Ka2 1/2-1/2

[Event "DEN-ch cand"]
[Site "Svendborg"]
[Date "2023.04.05"]
[Round "5"]
[White "Iskos, Lukas"]
[Black "Thorsen, Adrian Stenstrop"]
[Result "1-0"]
[WhiteElo "2013"]
[BlackElo "2060"]
[PlyCount "69"]
[EventDate "2023.04.05"]
[EventType "swiss"]
[EventRounds "7"]
[EventCountry "DEN"]
[SourceTitle "CBM 213 Extra"]
[Source "ChessBase"]
[SourceDate "2023.05.31"]
[SourceVersion "1"]
[SourceVersionDate "2023.05.31"]
[SourceQuality "1"]

1. d4 Nf6 2. Nf3 e6 3. Bf4 c5 4. e3 d5 5. Nbd2 Bd6 6. Bg3 0-0 7. c3 b6 8. Bd3 Ba6 9. Qe2 Bxd3 10. Qxd3 Qc7 11. Rd1 Nbd7 12. e4 cxd4 13. cxd4 dxe4 14. Nxe4 Nxe4 15. Qxe4 Bb4+ 16. Nd2 Bxd2+ 17. Kxd2 Qc4 18. b3 Qa6 19. a4 Qa5+ 20. Ke2 Rac8 21. Rc1 b5 22. Qb7 Nb6 23. Bd6 Rfe8 24. Rc5 Rcd8 25. Rhc1 Rd7 26. Qc6 Red8 27. Rxb5 Qa6 28. Bc5 Rd5 29. Bxb6 axb6 30. Qxb6 Qa8 31. Qb7 Rxb5 32. Qxa8 Rxa8 33. axb5 Kf8 34. Kd3 Rb8 35. Rc5 1-0

[Event "DEN-ch cand"]
[Site "Svendborg"]
[Date "2023.04.05"]
[Round "7"]
[White "Thorsen, Adrian Stenstrop"]
[Black "Wahlgreen, Noah Krug"]
[Result "1-0"]
[WhiteElo "2060"]
[BlackElo "1975"]
[PlyCount "53"]
[EventDate "2023.04.05"]
[EventType "swiss"]
[EventRounds "7"]
[EventCountry "DEN"]
[SourceTitle "CBM 213 Extra"]
[Source "ChessBase"]
[SourceDate "2023.05.31"]
[SourceVersion "1"]
[SourceVersionDate "2023.05.31"]
[SourceQuality "1"]

1. Nc3 d5 2. d4 c6 3. Bf4 Nf6 4. e3 Bf5 5. f3 Nh5 6. Bxb8 Qxb8 7. g4 e5 8. gxf5 Be7 9. dxe5 Bh4+ 10. Ke2 Qxe5 11. Qd4 Qe7 12. Bh3 0-0 13. Kf1 c5 14. Qg4 d4 15. Nd5 Qd8 16. Qxh5 Qxd5 17. Qxh4 Qc4+ 18. Kg2 Qxc2+ 19. Qf2 Qxf2+ 20. Kxf2 dxe3+ 21. Kxe3 Rad8 22. Bf1 Rfe8+ 23. Kf4 Rd2 24. b3 g5+ 25. Kxg5 f6+ 26. Kf4 Kh8 27. Bc4 1-0